000 00518cam a2200205 4500
001 B134
008 090401t1984 xxu||||| |||| 00| 0 eng d
035 _a(Sirsi) u33735
041 _aeng
050 _a690.241026
110 _aCambridgeshire County Council
_91855
245 2 _aA guide to historic buildings law
250 _a6th ed.
260 _aCambridge
_bCambridgeshire County Council
_c1984
300 _a125p. ; 30cm.
350 _a6.5
650 _aCAMBRIDGESHIRE
942 _n0
948 _c04/03/1997
999 _c89839
_d89839